00911nam a22001697a 4500003000900000008004100009040007100050082002800121100001500149245014200164260005600306300002800362505026900390650002000659650001600679700004600695AR-CdUCM190405b ||||| |||| 00| 0 spa d aMUNICIPALIDAD PROVINCIAL DEL CUSCOcBIBLIOTECA MUNICIPAL DEL CUSCO 27ed.a341 /bA32 / 1894 aAhrens, E. aCurso de derecho natural o de filosofía del derecho :bcompletado en las principales materias, con ojeadas históricas y políticas / aParís :bLibreria de la Vda de CH. Bouret,c1894. a652 páginas ;c22 cm. aContenido: Nociones y relaciones de la filosofía del derecho -- Ojeada general sobre el progreso histórico del derecho natural y examen mas detallado de los sistemas -- De la filosofía del derecho -- Que completa la historia de la filosofía del derecho ... aDerecho natural aFilosofía aRodriguez Hortelano, Pedro (traducción)